Intelligence Quiz #1 - Statistics

General Stats
  • This quiz has been taken 673 times
  • The average score is 11 of 15
Answer Stats
Question Answer % Correct
Level 1 Anatomy: Which organ pumps blood for the body? Heart
99%
Level 1 Geography: Which is the tallest mountain in the world? Mt. Everest
96%
Level 2 Anatomy: Which is closest to the amount of bones there are in an adult human body? 200
91%
Level 1 Math: What is 3² simplified? 9
91%
Level 1 Science: How many planets are there in our solar system? 8 planets
85%
Level 2 Geography: On which continent does Lebanon reside? Asia
85%
Level 1 History: When did the United States achieve independence? July 4th, 1776
79%
Level 3 Science: What is the elemental symbol for sodium? Na
79%
Level 2 History: Which volcano destroyed Pompeii in the year 79? Mount Vesuvius
75%
Level 3 Math: If the perimeter of a square is 32, what is its area? 64
70%
Level 2 Science: What color does copper turn when oxidized? Green
70%
Level 2 Math: What are the first three numbers of pi after the decimal? 141
66%
Level 3 Anatomy: What is the scientific name for shoulder joint? Glenohumeral
65%
Level 3 History: Which Chinese dynasty lasted only 15 years? Qin
33%
Level 3 Geography: What is the capital of Dominica? Roseau
22%
No matching quizzes found
Score Distribution
Percent of People with Each Score
Percentile by Number Answered
Your Score History
You have not taken this quiz